Estrategias de la Violencia en Colombia

Bibliographic Details
Main Author: Restrepo Vľez, Juan Camilo
Other Authors: Rivera Agudelo, Manuel Salvador
Format: eBook
Language:Spanish
Subjects:
Online Access:Acceso restringido

MARC

LEADER 00000nam a22000007a 4500
005 20200602150430.0
007 cr|||| ||||
008 200602s2020 co |||||s|||| 00||0 spa d
020 |a 978-958-57192-7-9 
035 |a 31673 
040 |a vLex 
090 |c 10492  |d 10492 
100 1 |a Restrepo Vľez, Juan Camilo 
245 1 0 |a Estrategias de la Violencia en Colombia  |h [Recurso electrn̤ico] /  |c Juan Camilo Restrepo Vľez, Manuel Salvador Rivera Agudelo 
256 |a Servicio en ln̕ea 
300 |a 1 recurso electrn̤ico 
506 1 |a Disponible solo en los productos indicados  |d vLex Global  |d vLex Global (Academic Edition, excluding Law Schools)  |d vLex Global (U.S. Academic Edition, Law Schools)  |d vLex Global (U.S. Academic Edition, excluding Law Schools)  |d vLex Global (Academic Edition, Law Schools) 
650 0 4 |a Derecho Pb︢lico y Administrativo  |z Colombia 
700 1 |a Rivera Agudelo, Manuel Salvador 
740 0 |a vLex Libros (Servicio en ln̕ea) 
856 4 0 |u http://vlex.com/source/estrategias-de-la-violencia-en-colombia-31673  |z Acceso restringido 
942 |c BOOK 
999 0 |a Public and Administrative Law